000 00759nam a22001937a 4500
003 JO-AjAnu
005 20240708130926.0
008 240708b jo ||||| |||| 00| 0 ara d
040 _aJO-AjAnu
_cJO-AjAnu
041 _aeng
100 1 _aAlmomani, Ayat Suleiman Mohammad
_966036
_ePreparation
245 0 _a On Young and Heinz Inequalities /
_c Supervsor Mohammad Al-Hawari - Preparation Ayat Suleiman Mohammad Almomani
260 _c2024
300 _a47paper
500 _aUniversity thesis (Master’s thesis in mathematics), Ajloun National University (Ajloun, Jordan), College of Science, 2024
650 7 0 _aInequalities
_966045
700 1 _aAl-hawari mohammad
_966046
_esupervisor
942 _2lcc
_cTHS
_n0
999 _c33574
_d33574